La dogmática del principio de subsidiariedad horizontal. Liberalización de sectores y el surgimiento de la administración pública regulatoria en Perú.
Zapisane w:
| 1. autor: | |
|---|---|
| Format: | Książka |
| Wydane: |
Lima, Perú:
Palestra Editores,
2019.
|
| Wydanie: | 1a ed. |
| Seria: | Colección Jurídica
|
| Hasła przedmiotowe: | |
| Etykiety: |
Dodaj etykietę
Nie ma etykietki, Dołącz pierwszą etykiete!
|
MARC
| LEADER | 00000nam a22000007a 4500 | ||
|---|---|---|---|
| 003 | CL-VaPUC | ||
| 005 | 20221006161905.0 | ||
| 008 | 220920t2019 ||||| |||| 00| 0 eng d | ||
| 999 | |c 438895 |d 438893 | ||
| 020 | |a 978-612-325-068-3 | ||
| 040 | |c Pontificia Universidad Católica de Valparaíso | ||
| 082 | |2 22 |a 342.8506 VIG 2019 | ||
| 100 | |a Vignolo Cueva, Orlando |9 876501 |e autor | ||
| 245 | |a La dogmática del principio de subsidiariedad horizontal. |b Liberalización de sectores y el surgimiento de la administración pública regulatoria en Perú. | ||
| 250 | |a 1a ed. | ||
| 260 | |a Lima, Perú: |b Palestra Editores, |c 2019. | ||
| 300 | |a 338 páginas. | ||
| 490 | |a Colección Jurídica | ||
| 500 | |a c1. Donación Profesor Guillermos Oliver C. Memo DER 033. 12/09/2022 | ||
| 583 | |c 20220920 |k Catalogador Asistente | ||
| 650 | 0 | |9 254851 |a Derecho administrativo |x Principio de subsidiariedad |z Perú | |
| 650 | 0 | |9 255343 |a Administración pública |z Perú | |
| 650 | 0 | |9 256096 |a Competencia económica |x Derecho y legislación |z Perú | |
| 651 | 0 | |9 256567 |a Perú |x Política económica | |
| 942 | |2 ddc |c BK | ||
| 952 | |0 0 |1 0 |2 ddc |4 0 |6 342_850600000000000_VIG_2019 |7 0 |8 A |9 586759 |a BIBDER |b BIBDER |c GEN |d 2022-09-20 |e Donación |i 5654749 |o 342.8506 VIG 2019 |p 5654749 |r 2023-01-25 |t 1 |w 2022-09-20 |y BK |k DER | ||